Statistics for NBA Hall of Famers from the 2nd Round and below

Click here to take the quiz!

General Stats

  • This quiz has been taken 18 times
  • The average score is 7 of 25

Answer Stats

YearRoundPickAnswerNotes% Correct
1974340George GervinNicknamed "The Iceman" The Best SF/SG to ever played in a Spurs uniform.
89%
1976223Alex EnglishAll-Time Leading scorer for the Denver Nuggets
61%
1986360Dražen PetrovićWas one of the first European Stars in the league but cut short due to death by car accident.
61%
1956213K. C. JonesWon 8 straight championships with the Celtics
61%
1976229Dennis JohnsonLed the Supersonics to the 1979 NBA championship and won 2 more championship with the celtics in the 80s
56%
1963210Gus JohnsonNicknamed "Honeycomb" his jersey was retired by Syracuse Nationals/Washington Wizards.
56%
1962212Chet WalkerNicknamed "Chet the Jet" and famously known as a member of the 76ers squad who dethroned the celtics after 8 seasons.
44%
1978236Maurice CheeksHis jersey #10 has been retired by the Philadelphia 76ers
39%
1970219Nate ArchibaldThe only player to lead both Points and Assists in a single season.
39%
1967217Phil JacksonBecame a Hall of Famer as a coach not as a player
33%
19708122Dan Issel2nd All-Time Leading scorer for the Denver Nuggets
28%
1958213Hal GreerPhiladelphia 76ers All-time leading scorer
28%
1970218Calvin MurphyShortest NBA player to be inducted in the Hall of Fame
22%
1973222George McGinnisHis jersey #30 has been retired by the Indiana Pacers
22%
196428Willis ReedThe first ever player to sweep the 3 MVP awards in a single season.
22%
1960539Al AttlesWon a championship in 1975, Played his entire career with the Warriors
11%
195528Jack Twyman_____–Stokes Teammate of the Year Award
11%
1971230Spencer HaywoodHis jersey #24 has been retired by the Seattle Supersonics
11%
1953321Cliff HaganNicknamed "Lil' Abner" played his entire 10-year NBA career with the St. Louis Hawks
6%
1989240Dino RađaFIBA Legend who spent 4 years with the Boston Celtics
6%
19876127Šarūnas MarčiulionisCredited as the player who brought the Eurostep in the NBA
6%
1947UndraftedCarl BraunIn 1948 he set a then NBA single game scoring record of 47 Points
0%
19707106Charlie ScottDrafted by the Celtics but played first in the ABA for the Virginia Squires
0%
1947UndraftedDon BarksdaleFirst African-American to play in USA olympics team & NBA All-Star Game.
0%
1954217Richie GuerinDrafted by New York Knicks and later on became player-coach for the Hawks.
0%

Score Distribution

Percentile by Number Answered

Percent of People with Each Score

Your Score History

You have not taken this quiz